Top 1000 Surnames (US) Quiz Stats

Quiz Updated Nov 15, 2012

Also try: My Good Name...
Challenge
Share
Tweet
Embed
Score 0/100 Timer 20:00
0 Plays Today
# Answer % Correct
1-10Smith- Wilson (2,376,206-783,051)
99%
11-20Martinez- White (775,072-639,515)
93.2%
31-40Young- Nelson (465,948-412,236)
89.1%
21-30Lopez- Hall (621,536-473,568)
87.4%
71-80Ward- James (254,121-233,224)
83.5%
41-50Hill- Torres (411,770-325,169)
83.3%
121-130Ellis- Kennedy (181,934-171,636)
82.7%
151-160Gordon- Black (154,934-150,186)
81.4%
61-70Rogers- Howard (294,403-254,779)
81.2%
361-370Baldwin- Bowen (79,151-77,078)
81.1%
651-660Walter- Beard (47,615-47,128)
78.6%
51-60Parker- Cook (324,246-294,795)
77.3%
771-780Middleton- Reilly (40,708-40,310)
75.4%
341-350Haynes- Zimmerman (82,037-80,944)
74.7%
131-140Wells- Freeman (170,635-162,686)
74.5%
511-520Lamb- Cervantes (58,555-57,685)
74%
111-120Alexander- Bryant (193,443-183,761)
71.1%
181-190Stephens- Peters (138,742-134,231)
70.8%
101-110Henderson- Gonzales (210,094-193,934)
70.5%
211-220Carpenter- Garza (127,073-124,130)
68.6%
261-270Schultz- May (104,962-101,726)
68.3%
201-210Carroll- Riley (131,020-127,960)
68%
451-460Hampton- Deleon (66,378-65,598)
67.8%
161-170Holmes- Moreno (150,166-146,088)
67.5%
191-200Hawkins- Bradley (134,066-131,289)
67.2%
141-150Burns- Shaw (162,153-155,172)
66.9%
81-90Reyes- Morales (232,511-217,642)
66.8%
231-240Morrison- Salazar (117,939-113,468)
66.6%
171-180Schmidt- Daniels (145,565-138,776)
65.3%
221-230Vargas- Guzman (123,952-118,390)
63.8%
91-100Powell- Fisher (216,553-210,279)
61.9%
380-390Daniel- Fitzgerald (75,135-73,522)
61.8%
581-590Richard- Allison (52,138-51,504)
61.8%
241-250Austin- Dean (113,160-109,230)
61.2%
# Answer % Correct
591-600Sweeney- Castaneda (51,500-51,089)
60.4%
471-480Buchanan- Conner (63,825-62,335)
60.4%
621-630Roy- Camacho (49,725-49,000)
58.5%
401-410Paul- Curry (72,248-71,344)
57.6%
811-820Crosby- Dunlap (38,844-38,516)
56.3%
421-430Avila- Gill (69,843-68,699)
55.5%
271-280Day- Curtis (101,676-98,958)
54.7%
531-540Weiss- Holloway (56,153-55,466)
53.4%
391-400Doyle- Newton (73,518-72,328)
52.6%
491-500Yates- Pratt (61,400-59,801)
51.5%
251-260Hanson- Chen (109,079-105,544)
51%
791-800Frederick- McConnell (39,909-39,203)
50.9%
871-880Moyer- Estes (36,421-35,839)
50%
541-550Summers- Calderon (55,391-54,691)
49.5%
321-330Jennings- Schwartz (87,038-84,699)
48.8%
411-420Brady- Campos (71,175-69,950)
47.8%
351-360Erickson- Espinoza (80,936-79,322)
47%
601-610Nash- Hodge (51,021-50,577)
47%
691-700Barry- Prince (45,044-44,640)
44.7%
571-580Franco- Anthony (53,161-52,146)
44.3%
301-310Caldwell- Rhodes (91,338-88,917)
44.2%
331-340Steele- Graves (84,353-82,179)
43%
681-690Preston- Orozco (45,850-45,289)
42.9%
291-300Guerrero- Barnett (94,152-92,287)
42.5%
561-570Davenport- Combs (54,206-53,180)
42.1%
431-440Farmer- Tate (68,309-67,208)
41.6%
731-740Blankenship- Durham (42,663-42,365)
41%
631-640Dillon- Savage (48,833-48,367)
40.9%
311-320Byrd- Cohen (88,811-87,226)
40.7%
281-290Pearson- Keller (98,728-94,300)
40.5%
641-650Wiggins- Liu (48,355-47,665)
40.2%
461-470Norman- Hartman (65,269-63,827)
38.6%
711-720Valenzuela- Stein (43,770-43,331)
37.6%
481-490Sparks- Salinas (62,234-61,582)
37.3%
# Answer % Correct
371-380Sharp- Blair (76,868-75,135)
35.8%
521-530Olsen- Fuentes (57,357-56,441)
35.7%
671-680Dyer- Oneal (46,574-46,161)
35.7%
551-560Gallegos- Flowers (54,672-54,277)
35.5%
881-890McCarty- Church (35,718-35,539)
35%
751-760Stark- Knapp (41,863-41,267)
34%
661-670Gilmore- Wilkerson (47,050-46,605)
33.9%
951-960Galloway- Travis (33,773-33,339)
33.4%
861-870Huber- Chung (36,729-36,422)
32.6%
921-930Daugherty- Irwin (34,650-34,374)
31.7%
701-710Merritt- Santana (44,626-43,875)
31.4%
891-900Burch- Costa (35,521-35,227)
31.2%
441-450Mack- Schroeder (67,154-66,412)
30.1%
821-830Bender- Bautista (38,464-37,847)
29.9%
801-810Walls- McMillan (39,166-38,896)
29.8%
501-510Lara- Stokes (59,731-58,687)
29.5%
981-990Gamble- Shea (32,377-32,069)
29.4%
721-730Whitehead- Stout (43,310-42,669)
29.2%
831-840Shah- Avery (37,833-37,440)
28%
841-850Herring- Cisneros (37,353-37,050)
27.9%
991-1000Osborn- Cooke (32,044-31,860)
27.3%
611-620Garrison- Huffman (50,482-49,737)
27.2%
851-860Benton- Blanchard (37,032-36,764)
27%
741-750Gentry- Rangel (42,357-41,868)
25.8%
941-949Haas- Rollins (34,032-33,797)
25.1%
961-970McNeil- Ritter (33,239-32,864)
24.4%
761-770McCall- Glass (41,231-40,724)
24.3%
931-940Werner- Holden (34,352-34,041)
22.5%
971-980Esparza- McKnight (32,772-32,386)
19.8%
911-920Kaufman- Cantrell (34,786-34,674)
18.9%
781-790Hebert- Huynh (40,283-40,011)
18.6%
901-910Montes- Compton (35,196-34,788)
14.9%

You're not logged in!

Compare scores with friends on all Sporcle quizzes.
Sign Up with Email
OR
Log In

You Might Also Like...

Show Comments

Extras

Top Quizzes Today


Score Distribution

Your Account Isn't Verified!

In order to create a playlist on Sporcle, you need to verify the email address you used during registration. Go to your Sporcle Settings to finish the process.